000 00912nam a2200241 i 4500
001 131236
003 ES-MaACL
005 20250905155042.0
007 t|
008 070214s1949 sp af |||| | spa d
100 1 _aRodrigañez, Celedonio (
_d1860-1913)
_998167
245 1 0 _aPrados arbóreos
_b: apuntes y datos para aprovechar el follaje de los árboles y arbustos en la alimentación del ganado /
_cCeledonio Rodrigañez.
250 _aNueva ed. ilustrada por Emilio Guinea.
260 _aMadrid :
_bMinisterio de Agricultura,
_c1949.
300 _a190 p., 8 lám. :
_bil. ;
_c21 cm.
490 1 _aManuales técnicos
650 7 _aAlimentos para animales
_2embne
_9170491
700 1 _aGuinea López, Emilio,
_d1907-1985
_960863
710 1 _aEspaña.
_bMinisterio de Agricultura.
_93837
830 0 _aManuales técnicos
_9181659
852 _aES-MaACL
_jD-7752
999 _c131236
_d131236